|
|
|
|
| LEADER |
00898nam a2200253 u 4500 |
| 001 |
10114181 |
| 003 |
upatras |
| 005 |
20210117205153.0 |
| 008 |
141001s1988 uk eng |
| 020 |
|
|
|a 0140227288
|
| 040 |
|
|
|a GR-PaULI
|c GR-PaULI
|
| 041 |
0 |
|
|a eng
|
| 082 |
0 |
4 |
|a 510.1
|
| 100 |
1 |
|
|a Devlin, Keith J.
|4 aut
|9 5205
|
| 245 |
1 |
0 |
|a Mathematics
|b the new golden age
|c Keith Devlin
|
| 260 |
|
|
|a London
|b Penguin Books
|c 1988
|
| 300 |
|
|
|a 287 p.
|b fig.
|c 23 cm.
|
| 504 |
|
|
|a Includes index
|
| 650 |
|
4 |
|a Μαθηματικά
|x Φιλοσοφία
|9 308
|
| 852 |
|
|
|a GR-PaULI
|b ΠΑΤΡΑ
|b ΒΚΠ
|b ΒΣ1
|k ΑΣΧΞ
|h 510.1 DEV
|m 123373
|p 025000241655
|t 1
|
| 942 |
|
|
|2 ddc
|c BK15
|
| 952 |
|
|
|0 0
|1 0
|4 0
|6 510_100000000000000_DEV
|7 0
|9 170723
|a LISP
|b LISP
|c BSC
|d 2016-04-24
|i 123373
|l 0
|o 510.1 DEV
|p 025000241655
|r 2016-04-24 00:00:00
|t 1
|w 2016-04-24
|y BK15
|
| 998 |
|
|
|c ΒΑΣΙΛΕΙΟΥ
|d 2014-10
|
| 999 |
|
|
|c 106816
|d 106816
|